| 000 | 00621cam a22002413a 4500 | ||
|---|---|---|---|
| 001 | 24169 | ||
| 003 | PGUSA | ||
| 005 | 20140828083521.0 | ||
| 008 | 080105s2008||||xxu|||||s|||||000 | eng d | ||
| 040 |
_aPGUSA _beng |
||
| 042 | _adc | ||
| 050 | 4 | _aPL | |
| 100 | 1 |
_aLi, Bai, _d701-762 |
|
| 245 | 1 | 0 |
_a李太白集 _h[electronic resource] / _cBai Li |
| 260 |
_bProject Gutenberg, _c2008 |
||
| 506 | _aPublic domain in the USA. | ||
| 516 | _aElectronic text | ||
| 700 | 1 | _aXu, Ren Tu | |
| 740 | 0 | _aLi Taibai ji | |
| 830 | 0 |
_aProject Gutenberg _v24169 |
|
| 856 | 4 | 0 | _uhttp://www.gutenberg.org/ebooks/24169 |
| 942 | _cEB | ||
| 999 |
_c253424 _d253424 |
||